000 00578nam a2200193Ia 4500
005 20250326143837.0
008 250326s9999 xx 000 0 und d
020 _a0-7506-7457-1
037 _aTextbook
040 _aFMSL
_beng
_cFMSL
041 _aeng
_2eng
084 _aSNiobX:8 P4
_qFMSL
100 _aHubbard E E
_9748615
245 0 _aDiversity scorecard: evaluating the impact of diversity on organizational performance
_cHubbard E E
260 _aNY
_bNY, Elsevier
_c2004
300 _a348p
942 _cTB
_hSNiobX:8 P4
999 _c1301297
_d1301297